| 000 | 00421nam a2200169Ia 4500 | ||
|---|---|---|---|
| 008 | 230524s9999 xx 000 0 und d | ||
| 020 | _a9780070648241 | ||
| 082 |
_a510.32 _bKEN |
||
| 100 | _aKenneth H.Rosen | ||
| 245 | 0 | _aDiscrete Mathematics and It's Applications | |
| 250 | _a5TH | ||
| 260 |
_aNEW DELHI _bTMH _c2005 |
||
| 300 | _aV;783 | ||
| 500 | _aQuantity Number: 182 | ||
| 650 | _aMathematics | ||
| 942 | _cBK | ||
| 999 |
_c29434 _d29434 |
||